000 00315nam a22001217a 4500
008 221003b |||||||| |||| 00| 0 eng d
020 _a9789993680994
082 _a920 DRA
245 _aThe Melody of the Great Dharma Cloud
260 _aThimphu :
_bZhung Dratshang,
_c2022.
300 _a457 p.
_c23 cm.
942 _2ddc
999 _c9151
_d9152